| Tag |
First Indicator |
Second Indicator |
Subfields |
| LEADER |
00000pam a2200000 a 4500 |
| 001 |
in00000097559 |
| 005 |
20150924085230.0 |
| 008 |
810915s1982 maua b 00110 eng |
| 010 |
|
|
|a 81007173
|
| 020 |
|
|
|a 0674358856
|
| 035 |
|
|
|a (OCoLC)07836152
|
| 035 |
|
|
|9 AAK9182AM
|
| 039 |
0 |
|
|a 2
|b 3
|c 3
|d 3
|e 3
|
| 040 |
|
|
|a DLC
|c DLC
|d TXA
|d UtOrBLW
|
| 043 |
|
|
|a e-uk-en
|
| 049 |
|
|
|a TXAM
|c [985856]
|
| 050 |
0 |
0 |
|a JS3571
|b O95 1982
|
| 082 |
0 |
|
|a 352.0421
|2 19
|
| 100 |
1 |
|
|a Owen, David Edward.
|
| 245 |
1 |
4 |
|a The government of Victorian London, 1855-1889 :
|b the Metropolitan Board of Works, the vestries, and the City Corporation /
|c David Owen ; edited by Roy MacLeod ; with contributions by David Reeder, Donald Olsen, Francis Sheppard.
|
| 264 |
|
1 |
|a Cambridge, Mass. :
|b Belknap Press of Harvard University Press,
|c 1982.
|
| 300 |
|
|
|a xv, 466 pages :
|b illustrations ;
|c 25 cm.
|
| 336 |
|
|
|a text
|b txt
|2 rdacontent
|
| 337 |
|
|
|a unmediated
|b n
|2 rdamedia
|
| 338 |
|
|
|a volume
|b nc
|2 rdacarrier
|
| 500 |
|
|
|a Includes index.
|
| 504 |
|
|
|a Bibliography: pages 416-454.
|
| 610 |
2 |
0 |
|a City of London (England).
|b Corporation
|x History
|y 19th century.
|
| 610 |
1 |
0 |
|a London (England).
|b Metropolitan Board of Works
|x History
|y 19th century.
|
| 651 |
|
0 |
|a London (England)
|x Politics and government.
|
| 651 |
|
0 |
|a London (England)
|x History
|y 19th century.
|
| 700 |
1 |
|
|a MacLeod, Roy M.
|
| 999 |
|
|
|a MARS
|
| 999 |
f |
f |
|s da8ba884-b721-343e-91cf-0e3977d7effd
|i 594f6250-8aac-3b08-be58-b78c4e1f20ea
|t 0
|
| 952 |
f |
f |
|p ric
|a Texas A&M University
|b Rellis Campus
|c Joint Library Facility
|d Remote Storage
|t 0
|e JS3571 O95 1982
|h Library of Congress classification
|i unmediated -- volume
|m A14806019981
|
| 998 |
f |
f |
|a JS3571 O95 1982
|t 0
|l Remote Storage
|